F1 Podiums 1985 - Statistics

General Stats
  • This quiz has been taken 200 times
  • The average score is 11 of 14
Answer Stats
Answer % Correct
Alain Prost
100%
Ayrton Senna
99%
Nigel Mansell
96%
Nelson Piquet
94%
Niki Lauda
90%
Keke Rosberg
85%
Michele Alboreto
84%
Elio De Angelis
76%
Jacques Laffite
66%
Patrick Tambay
64%
Stefan Johansson
64%
Thierry Boutsen
58%
Teo Fabi
51%
Philippe Streiff
28%
No matching quizzes found
Score Distribution
Percent of People with Each Score
Percentile by Number Answered
Your Score History
You have not taken this quiz